| 000 | 00802nam a2200253 a 4500 | ||
|---|---|---|---|
| 001 | 000048428 | ||
| 003 | DO-SdBNP | ||
| 005 | 20220208113736.0 | ||
| 008 | 190315s2017 dr 000 0 spa d | ||
| 020 | _a9789993445241 | ||
| 040 |
_aDO-SdBNP _bspa _cBPMSU |
||
| 082 |
_a028.55 _bG216l 2017 _222 |
||
| 100 | 1 | _aGarcía Molina, Bartolo | |
| 245 | 1 | 0 |
_aLectura y construcción de conocimiento / _cBartolo García Molina,. |
| 260 |
_aSanto Domingo : _bSurco, _c2017. |
||
| 300 |
_a173 p. ; _c24 cm. |
||
| 500 | _aIncluye datos biográficos del autor en la solapa de la cubierta | ||
| 504 | _aBibliografía : p. 167-173 | ||
| 590 | _aInventariado, 2022/VM | ||
| 650 | 4 |
_aInterpretación de la lectura _xEnseñanza _3 _v |
|
| 650 | 4 | _aPsicolingüística | |
| 910 | _aVMateo V. | ||
| 942 |
_2ddc _cBK |
||
| 999 |
_c14021 _d14021 |
||